[Event "Kupreichik Memorial Open 2018"]
[Site "Minsk"]
[Date "2018.06.21"]
[Round "2"]
[White "Barskij, Vladimir"]
[Black "Selitski, Aleksandr"]
[Result "1-0"]
[WhiteElo "2352"]
[BlackElo "1678"]
[Annotator "NA"]
[PlyCount "113"]
[EventDate "2018.06.21"]
[EventCountry "BLR"]
[SourceTitle "playchess.com"]
[Source "ChessBase"]
[SourceQuality "1"]
[TimeControl "900+10"]

1. e4 {[%emt 0:00:00]} c6 {[%emt 0:00:02]} 2. d4 {[%emt 0:00:00]} d5 {[%emt 0:00:02]} 3. exd5 {[%emt 0:00:00]} cxd5 {[%emt 0:00:02]} 4. Bf4 {[%emt 0:00:08]} Nc6 {[%emt 0:00:08]} 5. c3 {[%emt 0:00:07]} Nf6 {[%emt 0:00:05]} 6. Bd3 {[%emt 0:00:16]} a6 {[%emt 0:00:40]} 7. Nd2 {[%emt 0:00:43]} g6 {[%emt 0:00:41]} 8. Ngf3 {[%emt 0:00:07]} Bg7 {[%emt 0:00:20]} 9. O-O {[%emt 0:00:05]} O-O {[%emt 0:00:23]} 10. h3 {[%emt 0:00:55]} Re8 {[%emt 0:00:23]} 11. Re1 {[%emt 0:00:07]} e6 {[%emt 0:01:32]} 12. a4 {[%emt 0:01:53]} Bd7 {[%emt 0:00:47]} 13. b4 {[%emt 0:00:47]} b6 {[%emt 0:00:38]} 14. Nb3 {[%emt 0:00:34]} a5 {[%emt 0:01:29]} 15. b5 {[%emt 0:01:01]} Ne7 {[%emt 0:00:33]} 16. g4 {[%emt 0:02:55]} Rc8 {[%emt 0:00:30]} 17. Rc1 {[%emt 0:00:44]} Rf8 {[%emt 0:01:51]} 18. Qd2 {[%emt 0:00:28]} Ne8 {[%emt 0:01:38]} 19. Kg2 {[%emt 0:01:53]} Kh8 {[%emt 0:00:19]} 20. Rh1 {[%emt 0:01:19]} f6 {[%emt 0:01:31]} 21. h4 {[%emt 0:00:41]} Kg8 {[%emt 0:00:32]} 22. Rce1 {[%emt 0:00:29]} e5 {[%emt 0:00:54]} 23. dxe5 {[%emt 0:00:06]} Bxg4 {[%emt 0:00:14]} 24. Nbd4 {[%emt 0:00:08]} Bxf3+ {[%emt 0:00:26]} 25. Nxf3 {[%emt 0:00:02]} fxe5 {[%emt 0:00:33]} 26. Bxe5 {[%emt 0:00:14]} Qd7 {[%emt 0:00:42]} 27. Qg5 {[%emt 0:00:23]} Nf5 {[%emt 0:00:23]} 28. h5 {[%emt 0:00:25]} Bh6 {[%emt 0:00:22]} 29. Bxf5 {[%emt 0:00:33]} Qxf5 {[%emt 0:00:33]} 30. Qxf5 {[%emt 0:00:07]} gxf5 {[%emt 0:00:20]} 31. Nd4 {[%emt 0:00:22]} f4 {[%emt 0:00:24]} 32. Rh3 {[%emt 0:00:37]} Nf6 {[%emt 0:00:18]} 33. Bxf6 {[%emt 0:00:25]} Rxf6 {[%emt 0:00:03]} 34. Nc6 {[%emt 0:00:03]} Rcf8 {[%emt 0:00:14]} 35. Kf3 {[%emt 0:00:04]} Kh8 {[%emt 0:00:10]} 36. Rhh1 {[%emt 0:00:12]} Rf5 {[%emt 0:00:30]} 37. Ne7 {[%emt 0:00:20]} R5f7 {[%emt 0:00:06]} 38. Nxd5 {[%emt 0:00:06]} Bg7 {[%emt 0:00:02]} 39. h6 {[%emt 0:00:06]} Bf6 {[%emt 0:00:10]} 40. Re6 {[%emt 0:00:15]} Bd8 {[%emt 0:00:11]} 41. Rhe1 {[%emt 0:00:21]} Rf5 {[%emt 0:00:15]} 42. c4 {[%emt 0:00:02]} Rh5 {[%emt 0:00:18]} 43. Re8 {[%emt 0:00:09]} Rhf5 {[%emt 0:00:05]} 44. R1e5 {[%emt 0:00:26]} R5f7 {[%emt 0:00:07]} 45. R5e6 {[%emt 0:00:12]} Rf5 {[%emt 0:00:10]} 46. Rxf8+ {[%emt 0:00:06]} Rxf8 {[%emt 0:00:02]} 47. Nxb6 {[%emt 0:00:03]} Kg8 {[%emt 0:00:11]} 48. Nd5 {[%emt 0:00:07]} Kf7 {[%emt 0:00:05]} 49. Ra6 {[%emt 0:00:09]} Re8 {[%emt 0:00:17]} 50. Kxf4 {[%emt 0:00:10]} Re2 {[%emt 0:00:14]} 51. f3 {[%emt 0:00:02]} Ra2 {[%emt 0:00:04]} 52. Kf5 {[%emt 0:00:05]} Rxa4 {[%emt 0:00:04]} 53. Ra7+ {[%emt 0:00:03]} Ke8 {[%emt 0:00:06]} 54. c5 {[%emt 0:00:04]} Rd4 {[%emt 0:00:04]} 55. Ke6 {[%emt 0:00:13]} Rd2 {[%emt 0:00:09]} 56. Rxh7 {[%emt 0:00:20]} Re2+ {[%emt 0:00:05]} 57. Kd6 {[%emt 0:00:03]} 1-0

[Event "Kupreichik Memorial Open 2018"]
[Site "Minsk"]
[Date "2018.06.21"]
[Round "2"]
[White "Zarubitski, Viachaslau"]
[Black "Artsiomau, Stanislau"]
[Result "1-0"]
[WhiteElo "2265"]
[BlackElo "1954"]
[Annotator "NA"]
[PlyCount "117"]
[EventDate "2018.06.21"]
[EventCountry "BLR"]
[SourceTitle "playchess.com"]
[Source "ChessBase"]
[SourceQuality "1"]
[TimeControl "900+10"]

1. d4 {[%emt 0:00:00]} d5 {[%emt 0:00:01]} 2. Bf4 {[%emt 0:00:00]} e6 {[%emt 0:00:05]} 3. Nf3 {[%emt 0:00:00]} Bd6 {[%emt 0:00:13]} 4. Bg3 {[%emt 0:00:07]} Ne7 {[%emt 0:00:37]} 5. Bxd6 {[%emt 0:00:27]} cxd6 {[%emt 0:00:37]} 6. e3 {[%emt 0:00:12]} Nbc6 {[%emt 0:00:11]} 7. Be2 {[%emt 0:00:50]} Bd7 {[%emt 0:00:19]} 8. O-O {[%emt 0:00:13]} Rc8 {[%emt 0:00:35]} 9. Nc3 {[%emt 0:00:39]} Na5 {[%emt 0:00:55]} 10. e4 {[%emt 0:03:06]} Nc4 {[%emt 0:03:09]} 11. exd5 {[%emt 0:00:36]} exd5 {[%emt 0:04:40]} 12. Qc1 {[%emt 0:01:38]} O-O {[%emt 0:00:34]} 13. Bd3 {[%emt 0:01:15]} Qa5 {[%emt 0:02:10]} 14. Ne2 {[%emt 0:01:20]} Bf5 {[%emt 0:01:12]} 15. Nf4 {[%emt 0:00:30]} Bxd3 {[%emt 0:00:16]} 16. Nxd3 {[%emt 0:00:09]} Qc7 {[%emt 0:00:20]} 17. c3 {[%emt 0:00:09]} Na5 {[%emt 0:00:21]} 18. Re1 {[%emt 0:00:33]} Nac6 {[%emt 0:00:35]} 19. Qg5 {[%emt 0:00:36]} Qd7 {[%emt 0:00:18]} 20. Re2 {[%emt 0:00:44]} f6 {[%emt 0:00:13]} 21. Qe3 {[%emt 0:01:29]} Ng6 {[%emt 0:00:32]} 22. Rae1 {[%emt 0:00:08]} Kf7 {[%emt 0:00:24]} 23. Nf4 {[%emt 0:00:46]} Nxf4 24. Qxf4 {[%emt 0:00:02]} Kg8 {[%emt 0:00:31]} 25. Qe3 {[%emt 0:00:46]} Kf7 {[%emt 0:00:05]} 26. Qd3 {[%emt 0:00:01]} g6 {[%emt 0:00:13]} 27. Qb5 {[%emt 0:00:09]} Kg7 {[%emt 0:00:15]} 28. Qxd5 {[%emt 0:00:16]} Rf7 {[%emt 0:00:07]} 29. h3 {[%emt 0:01:02]} Rd8 {[%emt 0:00:04]} 30. Nh2 {[%emt 0:00:25]} Ne7 {[%emt 0:00:04]} 31. Qe6 {[%emt 0:00:05]} Qxe6 {[%emt 0:00:05]} 32. Rxe6 {[%emt 0:00:01]} Nd5 {[%emt 0:00:15]} 33. g3 {[%emt 0:00:15]} Rdd7 {[%emt 0:00:14]} 34. Nf3 {[%emt 0:00:07]} Nc7 {[%emt 0:00:06]} 35. R6e2 {[%emt 0:00:04]} d5 {[%emt 0:00:21]} 36. Nd2 {[%emt 0:00:02]} Nb5 {[%emt 0:00:07]} 37. Nb3 {[%emt 0:00:28]} b6 {[%emt 0:00:01]} 38. Nc1 {[%emt 0:00:00]} g5 {[%emt 0:00:21]} 39. Nd3 {[%emt 0:00:04]} h6 {[%emt 0:00:09]} 40. Kg2 {[%emt 0:00:14]} Nd6 {[%emt 0:00:05]} 41. Nb4 {[%emt 0:00:04]} Nf5 {[%emt 0:00:15]} 42. Kf3 {[%emt 0:00:20]} Rd6 {[%emt 0:00:16]} 43. Re6 {[%emt 0:00:09]} Rdd7 {[%emt 0:00:01]} 44. Ke2 {[%emt 0:00:48]} h5 {[%emt 0:00:18]} 45. Kd3 {[%emt 0:00:11]} Ne7 {[%emt 0:00:05]} 46. Nc6 {[%emt 0:00:12]} Ng6 {[%emt 0:00:07]} 47. b4 {[%emt 0:00:28]} h4 {[%emt 0:00:02]} 48. b5 {[%emt 0:00:02]} hxg3 49. fxg3 {[%emt 0:00:00]} Kg8 {[%emt 0:00:43]} 50. Re8+ {[%emt 0:00:11]} Kg7 {[%emt 0:00:01]} 51. R1e6 {[%emt 0:00:11]} Nf8 {[%emt 0:00:20]} 52. R6e7 {[%emt 0:00:18]} Ng6 {[%emt 0:00:03]} 53. Rxd7 {[%emt 0:00:09]} Rxd7 {[%emt 0:00:03]} 54. Ra8 {[%emt 0:00:04]} f5 {[%emt 0:00:03]} 55. Rxa7 {[%emt 0:00:05]} Rxa7 {[%emt 0:00:02]} 56. Nxa7 {[%emt 0:00:00]} f4 {[%emt 0:00:01]} 57. g4 {[%emt 0:00:15]} Nh4 {[%emt 0:00:35]} 58. Nc8 {[%emt 0:00:22]} Ng2 {[%emt 0:00:09]} 59. Ke2 {[%emt 0:00:02]} 1-0

[Event "Kupreichik Memorial Open 2018"]
[Site "Minsk"]
[Date "2018.06.21"]
[Round "2"]
[White "Tsigelnitskiy, Ilusha"]
[Black "Laptii, Nazar"]
[Result "0-1"]
[WhiteElo "2253"]
[BlackElo "1915"]
[Annotator "NA"]
[PlyCount "62"]
[EventDate "2018.06.21"]
[EventCountry "BLR"]
[SourceTitle "playchess.com"]
[Source "ChessBase"]
[SourceQuality "1"]
[TimeControl "900+10"]

1. g3 {[%emt 0:00:00]} g6 {[%emt 0:00:03]} 2. Bg2 {[%emt 0:00:00]} Bg7 {[%emt 0:00:00]} 3. Nf3 {[%emt 0:00:11]} Nf6 {[%emt 0:00:04]} 4. O-O {[%emt 0:00:09]} O-O {[%emt 0:00:02]} 5. c4 {[%emt 0:00:43]} d6 {[%emt 0:00:02]} 6. Nc3 {[%emt 0:00:30]} e5 {[%emt 0:00:01]} 7. d3 {[%emt 0:00:08]} h6 {[%emt 0:00:05]} 8. Bd2 {[%emt 0:00:31]} Re8 {[%emt 0:00:02]} 9. Ne1 {[%emt 0:00:09]} c6 {[%emt 0:00:03]} 10. Rb1 {[%emt 0:00:37]} Be6 {[%emt 0:05:53]} 11. Nc2 {[%emt 0:01:33]} d5 {[%emt 0:00:24]} 12. cxd5 {[%emt 0:00:39]} cxd5 {[%emt 0:00:02]} 13. d4 {[%emt 0:01:03]} e4 {[%emt 0:01:18]} 14. b4 {[%emt 0:00:54]} Nbd7 {[%emt 0:00:49]} 15. Ne3 {[%emt 0:01:30]} Nb6 {[%emt 0:00:28]} 16. f4 {[%emt 0:01:50]} Ng4 {[%emt 0:00:36]} 17. Nc2 {[%emt 0:01:43]} e3 {[%emt 0:04:58]} 18. Be1 {[%emt 0:03:19]} Bf5 {[%emt 0:00:27]} 19. h3 {[%emt 0:00:59]} Nf2 {[%emt 0:00:05]} 20. Rxf2 {[%emt 0:00:09]} exf2+ {[%emt 0:00:07]} 21. Bxf2 {[%emt 0:00:01]} Rc8 {[%emt 0:00:27]} 22. Rb3 {[%emt 0:00:02]} Na4 {[%emt 0:00:23]} 23. Nxa4 {[%emt 0:00:47]} Bxc2 {[%emt 0:00:03]} 24. Qd2 {[%emt 0:00:15]} Bxb3 25. axb3 {[%emt 0:00:01]} b6 {[%emt 0:00:18]} 26. e3 {[%emt 0:00:41]} Qd6 {[%emt 0:00:23]} 27. Nb2 {[%emt 0:00:17]} Rc7 {[%emt 0:00:12]} 28. Bf1 {[%emt 0:00:23]} Rec8 {[%emt 0:00:24]} 29. Bd3 {[%emt 0:00:03]} Rc3 {[%emt 0:00:15]} 30. Kg2 {[%emt 0:00:26]} Qxb4 {[%emt 0:00:23]} 31. f5 {[%emt 0:00:20]} Rxb3 {[%emt 0:00:27]} 0-1

[Event "Kupreichik Memorial Open 2018"]
[Site "Minsk"]
[Date "2018.06.21"]
[Round "2"]
[White "Sihite, Chelsie Monica Igne"]
[Black "Gavrjuchenkova, Angelina"]
[Result "1-0"]
[WhiteElo "2236"]
[BlackElo "1900"]
[Annotator "NA"]
[PlyCount "57"]
[EventDate "2018.06.21"]
[EventCountry "BLR"]
[SourceTitle "playchess.com"]
[Source "ChessBase"]
[SourceQuality "1"]
[TimeControl "900+10"]

1. e4 {[%emt 0:00:00]} e5 {[%emt 0:00:02]} 2. Nf3 {[%emt 0:00:00]} Nc6 {[%emt 0:00:04]} 3. Bc4 {[%emt 0:00:05]} Bc5 {[%emt 0:00:12]} 4. O-O {[%emt 0:00:06]} Nf6 {[%emt 0:00:15]} 5. d4 {[%emt 0:04:08]} Bxd4 {[%emt 0:01:42]} 6. Nxd4 {[%emt 0:00:03]} Nxd4 {[%emt 0:00:27]} 7. Bg5 {[%emt 0:00:02]} h6 {[%emt 0:00:29]} 8. Bh4 {[%emt 0:00:02]} d6 {[%emt 0:02:07]} 9. c3 {[%emt 0:01:00]} Nc6 {[%emt 0:00:05]} 10. Nd2 {[%emt 0:00:48]} Be6 {[%emt 0:01:14]} 11. Bb5 {[%emt 0:00:02]} a6 {[%emt 0:01:38]} 12. Ba4 {[%emt 0:00:05]} b5 {[%emt 0:00:24]} 13. Bc2 {[%emt 0:00:02]} g5 {[%emt 0:00:25]} 14. Bg3 {[%emt 0:00:04]} h5 {[%emt 0:00:07]} 15. h4 {[%emt 0:00:21]} g4 {[%emt 0:01:15]} 16. Re1 {[%emt 0:00:38]} Qd7 {[%emt 0:00:34]} 17. a4 {[%emt 0:00:21]} Ke7 {[%emt 0:00:57]} 18. Nf1 {[%emt 0:00:08]} Rag8 {[%emt 0:01:16]} 19. Ne3 {[%emt 0:00:11]} Nxe4 {[%emt 0:00:29]} 20. Bxe4 {[%emt 0:00:09]} f5 {[%emt 0:00:01]} 21. Bd5 {[%emt 0:01:28]} f4 {[%emt 0:00:29]} 22. Bxe6 {[%emt 0:00:06]} Kxe6 {[%emt 0:00:22]} 23. axb5 {[%emt 0:02:03]} fxg3 {[%emt 0:00:48]} 24. Qd5+ {[%emt 0:00:09]} Ke7 {[%emt 0:00:24]} 25. Qxc6 {[%emt 0:00:16]} gxf2+ {[%emt 0:00:03]} 26. Kxf2 {[%emt 0:00:02]} g3+ {[%emt 0:00:18]} 27. Kg1 {[%emt 0:00:05]} Qc8 {[%emt 0:00:17]} 28. Nd5+ {[%emt 0:00:13]} Kd8 {[%emt 0:00:38]} 29. Rxa6 {[%emt 0:00:09]} 1-0

[Event "Kupreichik Memorial Open 2018"]
[Site "Minsk"]
[Date "2018.06.21"]
[Round "2"]
[White "Nigmatov, Ortik"]
[Black "Papunidi, Matvey"]
[Result "1-0"]
[WhiteElo "2210"]
[BlackElo "1751"]
[Annotator "NA"]
[PlyCount "89"]
[EventDate "2018.06.21"]
[EventCountry "BLR"]
[SourceTitle "playchess.com"]
[Source "ChessBase"]
[SourceQuality "1"]
[TimeControl "900+10"]

1. e4 {[%emt 0:00:00]} c5 {[%emt 0:00:01]} 2. Nf3 {[%emt 0:00:00]} Nc6 {[%emt 0:00:01]} 3. d4 {[%emt 0:00:03]} cxd4 {[%emt 0:00:03]} 4. Nxd4 {[%emt 0:00:02]} g6 {[%emt 0:00:01]} 5. c4 {[%emt 0:00:03]} Bg7 {[%emt 0:00:02]} 6. Be3 {[%emt 0:00:02]} Nf6 {[%emt 0:00:02]} 7. Nc3 {[%emt 0:00:01]} O-O {[%emt 0:00:01]} 8. Be2 {[%emt 0:00:05]} d6 {[%emt 0:00:02]} 9. h3 {[%emt 0:00:11]} Bd7 {[%emt 0:00:01]} 10. O-O {[%emt 0:00:04]} Nxd4 {[%emt 0:00:02]} 11. Bxd4 {[%emt 0:00:04]} Bc6 {[%emt 0:00:02]} 12. Qc2 {[%emt 0:00:04]} Nd7 {[%emt 0:00:55]} 13. Bxg7 {[%emt 0:00:12]} Kxg7 {[%emt 0:00:02]} 14. Rad1 {[%emt 0:00:14]} a5 {[%emt 0:00:09]} 15. Bg4 {[%emt 0:00:03]} Ne5 {[%emt 0:02:27]} 16. c5 {[%emt 0:00:02]} Nxg4 {[%emt 0:05:59]} 17. hxg4 {[%emt 0:00:02]} Qd7 {[%emt 0:00:24]} 18. cxd6 {[%emt 0:00:06]} exd6 {[%emt 0:00:25]} 19. f3 {[%emt 0:01:11]} Rac8 {[%emt 0:00:12]} 20. Rd4 {[%emt 0:00:14]} b5 {[%emt 0:00:54]} 21. Qf2 {[%emt 0:01:29]} Rfd8 {[%emt 0:01:09]} 22. Rfd1 {[%emt 0:00:09]} Qe6 {[%emt 0:00:47]} 23. a3 {[%emt 0:00:04]} Qe5 {[%emt 0:00:17]} 24. Qd2 {[%emt 0:00:18]} Rd7 {[%emt 0:02:16]} 25. Nd5 {[%emt 0:02:08]} Rb8 {[%emt 0:01:44]} 26. Ne3 {[%emt 0:00:34]} Rbd8 {[%emt 0:00:15]} 27. Kf2 {[%emt 0:01:29]} h5 {[%emt 0:00:11]} 28. Qxa5 {[%emt 0:01:57]} h4 {[%emt 0:00:21]} 29. Qc3 {[%emt 0:00:06]} Bb7 {[%emt 0:00:46]} 30. R4d3 {[%emt 0:00:36]} Qxc3 {[%emt 0:00:21]} 31. Rxc3 {[%emt 0:00:02]} d5 {[%emt 0:00:07]} 32. Rcd3 {[%emt 0:00:04]} Kf6 {[%emt 0:00:16]} 33. Nxd5+ {[%emt 0:00:27]} Bxd5 {[%emt 0:00:02]} 34. Rxd5 {[%emt 0:00:10]} Rxd5 {[%emt 0:00:00]} 35. Rxd5 {[%emt 0:00:02]} Rxd5 {[%emt 0:00:01]} 36. exd5 {[%emt 0:00:02]} Ke5 {[%emt 0:00:01]} 37. Ke3 {[%emt 0:00:17]} Kxd5 {[%emt 0:00:01]} 38. b3 {[%emt 0:00:12]} f6 {[%emt 0:00:11]} 39. Kf4 {[%emt 0:01:04]} Kd4 {[%emt 0:00:13]} 40. g5 {[%emt 0:00:56]} f5 {[%emt 0:00:01]} 41. a4 {[%emt 0:00:01]} b4 {[%emt 0:00:52]} 42. a5 {[%emt 0:00:17]} Kc3 {[%emt 0:00:18]} 43. a6 {[%emt 0:00:01]} Kxb3 {[%emt 0:00:01]} 44. a7 {[%emt 0:00:01]} Kc2 {[%emt 0:00:02]} 45. a8=Q {[%emt 0:00:03]} 1-0

[Event "Kupreichik Memorial Open 2018"]
[Site "Minsk"]
[Date "2018.06.21"]
[Round "2"]
[White "Sarbay, Aleksandr"]
[Black "Shevchenko, Kirill"]
[Result "0-1"]
[WhiteElo "2183"]
[BlackElo "2432"]
[Annotator "TA"]
[PlyCount "82"]
[EventDate "2018.06.21"]
[EventCountry "BLR"]
[SourceTitle "playchess.com"]
[Source "ChessBase"]
[SourceQuality "1"]

{[%evp 20,82,0,0,7,0,2,0,0,-36,0,0,19,27,25,0,14,2,41,34,9,-15,98,111,125,111,114,18,8,8,76,-14,64,-20,-25,-16,163,118,118,120,120,0,0,-227,-239,-429,-420,-1229,-462,-1254,-1249,-1193,-1188,-1109,-1062,-29984,-29985,-29985,-29986,-29986,-29987,-29991,-29992,-29995,-29996]} 1. e4 c5 2. Nf3 d6 3. Bb5+ Nd7 4. d4 cxd4 5. Qxd4 a6 6. Bxd7+ Bxd7 7. Bg5 {B51: Sizilianisch (Rossolimo-Variante)} (7. c4 Nf6 8. Bg5 e6 9. Nc3 Be7 10. e5 dxe5 11. Nxe5 O-O 12. Nxd7 Nxd7 13. Bxe7 Qxe7 14. Rd1 Nf6 15. O-O Rac8 16. b3 Qb4 17. Ne4 Nxe4 {½-½ (17) Kovalev,V (2650)-Nepomniachtchi,I (2751) Poikovsky 2018}) 7... Rc8 8. Nc3 h6 9. Bh4 e5 10. Qd3 g5 11. Bg3 {LiveBook: 48 Partien} Nf6 12. O-O-O Qa5 13. Kb1 Be7 14. h4 g4 15. Nd2 $146 {und nun wäre Sc4 stark für Weiss.} Be6 16. Nb3 Qc7 17. f4 gxf3 $1 18. gxf3 Bc4 19. Qe3 b5 20. Rd2 Nh5 (20... a5 $11) 21. f4 $16 Rg8 22. Bh2 {Droht stark fxe5.} Nf6 (22... Bxh4 $2 23. Qh3 $18) 23. Nd5 ({Lieber} 23. fxe5 $16 dxe5 24. Nd5 Bxd5 25. exd5) 23... Bxd5 $1 $11 24. exd5 {[%cal Rf4e5]} Ng4 (24... e4 $1 $11 {bleibt in der Remisbreite.}) 25. Qe4 (25. Qf3 $16) 25... Qc4 (25... Nxh2 $11 26. fxe5 Ng4) 26. Qh7 (26. Qf5 $14 e4 27. Re1) 26... Nf6 27. Qf5 $1 Ne4 $2 (27... e4 $11) 28. Re2 Qxe2 29. Qxc8+ Bd8 {[#] Und ...Dg2 würde nun gewinnen.} 30. Qc6+ (30. fxe5 $16 {Schwarz muss nun e6 beachten.} Qc4 31. Qc6+ (31. Qxa6 Qxd5 32. Re1 dxe5 $14) 31... Qxc6 32. dxc6) 30... Kf8 {Und weiter mit ...Dg2 wäre nett.} 31. fxe5 $2 (31. Qc8 $11 {und Weiss ist OK.} Kg7 32. Nc1 (32. fxe5 Qf3 $11) (32. Qxa6 $2 Kh8 $19)) 31... Qg2 $40 {[%mdl 128] Schwarz hat starken Angriff.} 32. Re1 $2 (32. Rc1 {war die einzige Verteidigung.} Qxh2 33. Qc8 Qxh4 34. e6) 32... Qxh2 33. exd6 (33. Qc8 $142 Qxh4 34. Rf1 (34. Rxe4 $2 Rg1+ 35. Nc1 Qg5 $19)) 33... Nxd6 (33... Rg1 $142 34. a3 Rxe1+ 35. Ka2 Qxd6) 34. Nc5 (34. a4 $142 Bxh4 35. Rf1) 34... Rg1 {[%cal Rg1e1] [#]} 35. Nd3 Rxe1+ 36. Nxe1 Bxh4 37. Nd3 Qg1+ {Schwarz setzt Matt.} 38. Nc1 Nc4 39. Qxh6+ Kg8 40. Qf4 Bg5 41. Qb8+ Kg7 {Precision: Weiß = 21%, Schwarz = 48%.} 0-1

[Event "Kupreichik Memorial Open 2018"]
[Site "Minsk"]
[Date "2018.06.21"]
[Round "2"]
[White "Savolainen, Lev P"]
[Black "Yagutian, Mariya"]
[Result "1-0"]
[WhiteElo "2163"]
[BlackElo "1506"]
[Annotator "NA"]
[PlyCount "81"]
[EventDate "2018.06.21"]
[EventCountry "BLR"]
[SourceTitle "playchess.com"]
[Source "ChessBase"]
[SourceQuality "1"]
[TimeControl "900+10"]

1. d4 {[%emt 0:00:00]} Nf6 {[%emt 0:00:02]} 2. c4 {[%emt 0:00:00]} c5 {[%emt 0:00:03]} 3. d5 {[%emt 0:00:00]} b5 {[%emt 0:00:04]} 4. cxb5 {[%emt 0:00:00]} a6 {[%emt 0:00:05]} 5. b6 {[%emt 0:00:01]} Qxb6 {[%emt 0:00:27]} 6. Nc3 {[%emt 0:00:02]} d6 {[%emt 0:00:12]} 7. e4 {[%emt 0:00:02]} g6 {[%emt 0:00:58]} 8. h3 {[%emt 0:00:05]} Bg7 {[%emt 0:00:11]} 9. Nf3 {[%emt 0:00:02]} O-O {[%emt 0:00:54]} 10. Be2 {[%emt 0:01:19]} Nfd7 {[%emt 0:01:02]} 11. O-O {[%emt 0:00:13]} Ne5 {[%emt 0:00:03]} 12. Nd2 {[%emt 0:00:05]} e6 {[%emt 0:04:12]} 13. f4 {[%emt 0:00:55]} Ned7 {[%emt 0:00:02]} 14. dxe6 {[%emt 0:00:04]} fxe6 {[%emt 0:00:24]} 15. Nc4 {[%emt 0:00:19]} Bd4+ {[%emt 0:01:06]} 16. Kh1 {[%emt 0:03:48]} Qc7 {[%emt 0:00:31]} 17. Bf3 {[%emt 0:00:24]} Bb7 {[%emt 0:01:59]} 18. Bg4 {[%emt 0:02:26]} e5 {[%emt 0:02:50]} 19. Be6+ {[%emt 0:00:12]} Kh8 {[%emt 0:00:00]} 20. Nd5 {[%emt 0:00:55]} Bxd5 {[%emt 0:01:27]} 21. Bxd5 {[%emt 0:00:03]} Ra7 {[%emt 0:00:01]} 22. f5 {[%emt 0:00:12]} gxf5 {[%emt 0:00:32]} 23. exf5 {[%emt 0:00:45]} Nf6 {[%emt 0:00:21]} 24. Be6 {[%emt 0:00:42]} d5 {[%emt 0:00:17]} 25. Bh6 {[%emt 0:00:36]} Rg8 {[%emt 0:00:29]} 26. Ne3 {[%emt 0:00:20]} Rg3 {[%emt 0:00:32]} 27. Nxd5 {[%emt 0:00:45]} Qc6 {[%emt 0:00:26]} 28. Rf3 {[%emt 0:00:51]} Rxf3 {[%emt 0:00:15]} 29. Qxf3 {[%emt 0:00:04]} Nxd5 {[%emt 0:00:03]} 30. Qxd5 {[%emt 0:00:18]} Qxd5 {[%emt 0:00:04]} 31. Bxd5 {[%emt 0:00:02]} Nd7 {[%emt 0:00:08]} 32. g4 {[%emt 0:01:09]} Nf6 {[%emt 0:00:14]} 33. Be6 {[%emt 0:00:06]} e4 {[%emt 0:00:26]} 34. Kg2 {[%emt 0:00:18]} Ng8 {[%emt 0:00:11]} 35. Bf8 {[%emt 0:00:12]} Ra8 {[%emt 0:00:03]} 36. Bd6 {[%emt 0:00:22]} Rd8 {[%emt 0:00:04]} 37. Bc7 {[%emt 0:00:09]} Bxb2 {[%emt 0:00:19]} 38. Bxd8 {[%emt 0:00:15]} Bxa1 {[%emt 0:00:01]} 39. g5 {[%emt 0:00:30]} h6 {[%emt 0:00:03]} 40. f6 {[%emt 0:00:23]} e3 {[%emt 0:00:34]} 41. f7 1-0

[Event "Kupreichik Memorial Open 2018"]
[Site "Minsk"]
[Date "2018.06.21"]
[Round "2"]
[White "Kuznetsov, Mikhail V"]
[Black "Korobov, Anton"]
[Result "0-1"]
[WhiteElo "2162"]
[BlackElo "2736"]
[Annotator "TA"]
[PlyCount "90"]
[EventDate "2018.06.21"]
[EventCountry "BLR"]
[SourceTitle "playchess.com"]
[Source "ChessBase"]
[SourceQuality "1"]

{[%evp 17,90,1,6,0,0,0,6,-1,-6,-14,0,-10,0,-7,0,-9,-2,-10,0,0,10,6,41,36,39,6,83,20,144,137,158,160,174,102,183,183,174,179,202,137,175,175,258,186,199,160,207,-184,-180,-185,-185,-177,-173,-173,-178,-181,-160,-177,-167,-235,-174,-483,-492,-475,-417,-29974,-29974,-6203,-1162,-29983,-29983,-29983,-29984,-29987,-29988]} 1. d4 Nf6 2. Nf3 e6 3. Bf4 b6 4. e3 Bb7 5. Bd3 Be7 6. h3 c5 7. c3 O-O 8. Nbd2 d5 9. Ne5 Nc6 {LiveBook: 13 Games. D02: 1 d4 d5 2 Nf3 sidelines, including 2...Nf6 3 g3 and 2...Nf6 3 Bf4} (9... Ne4 10. Qc2 f6 11. Nef3 f5 12. Ne5 Nc6 13. Ndf3 c4 14. Be2 b5 15. O-O a5 16. Nxc6 Bxc6 17. Ne5 {½-½ (36) Kamsky,G (2706)-Almasi,Z (2690) Tromsoe 2014}) 10. Nxc6 Bxc6 11. O-O Bd6 {The position is equal.} 12. Bxd6 Qxd6 13. f4 b5 $146 ({Predecessor:} 13... Bb7 14. Qe2 Rfd8 15. a4 a5 16. g3 g6 17. Kg2 Qc7 {0-1 (43) Yuksel,M (2079)-Sanal,V (2399) Antalya 2013}) 14. Nf3 b4 15. cxb4 c4 16. Bc2 Qxb4 17. Ne5 Bb5 18. Rf2 Rab8 19. g4 Ne4 20. Bxe4 $1 dxe4 21. g5 Rfc8 (21... c3 $11 {keeps the balance.}) 22. Qc2 (22. Rc1 $1 $16) 22... Ba6 (22... c3 $11) 23. Nd7 $1 $16 {[%cal Rd7b8]} (23. Qxe4 $6 c3 $14) 23... Rb5 24. Nc5 (24. Qxe4 $6 c3 $14) 24... Bb7 25. Rc1 (25. a3 $18 Qa5 26. Qxc4) 25... Rbxc5 (25... Bd5 $16 {is a better defense.}) 26. dxc5 $18 Qxc5 27. Qd2 g6 28. Rff1 h6 29. gxh6 Qh5 (29... Bd5 $142 30. Kg2 Qf8) 30. Qd4 {[%csl Gh6][%cal Rd4g7]} Qxh6 31. Kh2 ({Worse is} 31. Rxc4 Rxc4 32. Qxc4 Qxh3 $11) 31... Qh4 32. Rxc4 $4 {[%mdl 8192]} (32. Qxa7 $18 Qe7 33. Rg1) 32... Rd8 $19 33. Qc3 {aiming for Rc7.} Ba6 34. b3 Rd3 35. Rc8+ Bxc8 36. Qxc8+ {[%mdl 4096] Endgame KQR-KQR} Kg7 $1 37. Qc1 {[#]} e5 $1 {[%mdl 512]} 38. fxe5 {[#]} (38. b4 $142) 38... Qg5 $1 $40 {[%mdl 128] White is in trouble.} 39. Qb2 $2 (39. Qe1 {is a better chance.}) 39... Rxe3 40. e6+ f6 {( -> ...Qg3+)} 41. Qg2 (41. Qf2 $19 Rd3 42. e7 (42. Qxa7+ $2 Kh6 $19) 42... Qe5+ 43. Kg2 Qxe7 44. Re1) 41... Qe5+ 42. Kh1 Qxe6 (42... Rg3 $142 43. Re1 Rxg2 44. Kxg2 Qg5+ 45. Kf1 Qf4+ 46. Ke2 Qf3+ 47. Kd2 Qd3+ 48. Kc1 Qc3+ 49. Kd1 e3 50. Rxe3 Qxe3) 43. Kh2 Qe5+ {Black mates.} 44. Kh1 Rg3 45. Qh2 e3 {Precision: White = 28%, Black = 32%.} 0-1